000
00183nam a22000857a 4500
003
SGT
245
_a
INTERNATIONAL REVIEW OF PURE & APLLIED MATHEMATICS
260
_c
2014
942
_2
ddc
_c
BV
999
_c
21477
_d
21477